<?xml version="1.0" encoding="UTF-8" ?>
<collection xmlns="http://www.loc.gov/MARC21/slim"><record><leader>01116nam a2200277   4500</leader><controlfield tag="001">45219</controlfield><controlfield tag="003">CH-000273-5</controlfield><controlfield tag="005">20210216113147.0</controlfield><datafield tag="035" ind1=" " ind2=" "><subfield code="a">(OCoLC)906900515</subfield></datafield><datafield tag="040" ind1=" " ind2=" "><subfield code="a">CH-000273-5</subfield><subfield code="b">ger</subfield><subfield code="e">rda</subfield></datafield><datafield tag="041" ind1=" " ind2=" "><subfield code="a">ger</subfield></datafield><datafield tag="110" ind1="2" ind2="0"><subfield code="a">Kunsthaus Zürich</subfield><subfield code="e">Verfasser</subfield><subfield code="4">aut</subfield></datafield><datafield tag="245" ind1="0" ind2="0"><subfield code="a">Ausstellung</subfield><subfield code="b">23. März bis 21. April 1930 : Katalog</subfield><subfield code="c">Kunsthaus Zürich</subfield></datafield><datafield tag="264" ind1="0" ind2="1"><subfield code="a">[Zürich]</subfield><subfield code="b">[Kunsthaus Zürich]</subfield><subfield code="c">[1930]</subfield></datafield><datafield tag="300" ind1=" " ind2=" "><subfield code="a">15 Seiten</subfield><subfield code="c">20,2 cm</subfield></datafield><datafield tag="336" ind1=" " ind2=" "><subfield code="a">Text</subfield><subfield code="b">txt</subfield><subfield code="2">rdacontent</subfield></datafield><datafield tag="337" ind1=" " ind2=" "><subfield code="a">ohne Hilfsmittel zu benutzen</subfield><subfield code="b">n</subfield><subfield code="2">rdamedia</subfield></datafield><datafield tag="338" ind1=" " ind2=" "><subfield code="a">Band</subfield><subfield code="b">nc</subfield><subfield code="2">rdacarrier</subfield></datafield><datafield tag="500" ind1=" " ind2=" "><subfield code="a">Ausstellungsdauer bis zum 27.4.1930 verlängert</subfield></datafield><datafield tag="600" ind1="1" ind2="7"><subfield code="a">Grosz, George</subfield><subfield code="d">1893-1959</subfield><subfield code="v">Ausstellung</subfield><subfield code="2">gnd</subfield></datafield><datafield tag="600" ind1="1" ind2="7"><subfield code="a">Modigliani, Amedeo</subfield><subfield code="d">1884-1920</subfield><subfield code="v">Ausstellung</subfield><subfield code="2">gnd</subfield></datafield><datafield tag="600" ind1="1" ind2="7"><subfield code="a">Schiele, Egon</subfield><subfield code="d">1890-1918</subfield><subfield code="v">Ausstellung</subfield><subfield code="2">gnd</subfield></datafield><datafield tag="610" ind1="2" ind2="4"><subfield code="a">Graphisches Kabinett</subfield><subfield code="g">Künstlervereinigung</subfield><subfield code="v">Ausstellung</subfield></datafield><datafield tag="655" ind1="0" ind2="7"><subfield code="a">Ausstellungskatalog</subfield><subfield code="x">Kunsthaus Zürich</subfield><subfield code="y">23.03.1930-27.04.1930</subfield><subfield code="z">Zürich</subfield><subfield code="2">gnd-content</subfield></datafield><datafield tag="852" ind1="4" ind2="0"><subfield code="a">CH-000273-5</subfield><subfield code="c">a3/Z 80:19300323</subfield></datafield><datafield tag="856" ind1="4" ind2="1"><subfield code="u">https://digital.kunsthaus.ch/viewer/image/45219/1/</subfield><subfield code="y">Kunsthaus Zürich Sammlungen online</subfield></datafield></record></collection>